000 02243cam a2200325 i 4500
020 _a9781610399500
_q(hardcover)
020 _a1610399501
_q(hardcover)
082 0 4 _a330.9
100 1 _aBanerjee, Abhijit V.,
_d1961-
_eauthor.
245 1 0 _aGood economics for hard times /
_cAbhijit V. Banerjee & Esther Duflo.
250 _aFirst edition.
260 _aUK
_bPenguin Books
_c2020
300 _ax, 403 pages :
_billustrations ;
_c25 cm
504 _aIncludes bibliographical references (pages 327-383) and index.
650 0 _aEconomics.
_91437
650 0 _aEconomic history
_912772
650 0 _aGlobalization.
_97773
650 7 _aBUSINESS & ECONOMICS / Economics / Macroeconomics.
_918155
650 7 _aPOLITICAL SCIENCE / Public Policy / Economic Policy.
_918157
650 7 _aSOCIAL SCIENCE / Social Classes & Economic Disparity.
_981960
650 7 _aEconomics.
_91437
650 7 _aGlobalization.
_97773
700 1 _aDuflo, Esther,
_d1972-
_981961
942 _2ddc
_cBK
999 _c586321
_d586321